Section.80 - Kendrick Lamar - Statistics

General Stats
  • This quiz has been taken 14 times
  • The average score is 11 of 15
Answer Stats
Songs Plays Artists % Correct
A.D.H.D 496,998,569 Kendrick Lamar
82%
Chapter Six 68,007,799 Kendrick Lamar
82%
Chapter Ten 19,000,581 Kendrick Lamar
82%
HiiiPower 163,213,140 Kendrick Lamar
82%
Ronald Reagan Era 57,212,998 Kendrick Lamar
82%
Ab-Soul's Outro 17,508,531 Kendrick Lamar, Ab-Soul
73%
F*ck Your Ethnicity 49,814,451 Kendrick Lamar
73%
Hol' Up 114,268,206 Kendrick Lamar
73%
No Make-Up (Her Vice) 32,334,128 Kendrick Lamar, Colin Munroe
73%
Blow My High (Members Only) 89,322,975 Kendrick Lamar
64%
Keisha's Song (Her Pain) 35,898,082 Kendrick Lamar, Ashtro Bot
64%
Poe Mans Dreams (His Vice) 58,523,568 Kendrick Lamar, GLC
64%
Rigamortus 149,066,633 Kendrick Lamar
64%
Tammy's Song (Her Evils) 40,849,493 Kendrick Lamar
64%
Kush & Corinthians 31,214,540 Kendrick Lamar, BJ The Chicago Kid
55%
No matching quizzes found
Score Distribution
Percent of People with Each Score
Percentile by Number Answered
Your Score History
You have not taken this quiz